000 00932cam a22003135i 4500
999 _c528444
_d528444
001 19236771
003 NUST
005 20190912110552.0
008 160819s2016 nyu 000 0 eng
010 _a 2016951670
038 _amsohail
040 _aDLC
_beng
_cDLC
_erda
_dDLC
042 _apcc
082 _a0
100 _aK.K.Salhotra
_920247
245 0 0 _aEngineering mathematics.
250 _a7th
263 _a1609
264 1 _aDelhi
_bS.K.Kataria
_c1996.
300 _apages cm
336 _atext
_btxt
_2rdacontent
337 _aunmediated
_bn
_2rdamedia
338 _avolume
_bnc
_2rdacarrier
856 4 2 _3Publisher description
_uhttps://www.loc.gov/catdir/enhancements/fy1619/2016951670-d.html
856 4 1 _3Table of contents only
_uhttps://www.loc.gov/catdir/enhancements/fy1619/2016951670-t.html
906 _a0
_bibc
_corignew
_d2
_eepcn
_f20
_gy-gencatlg
942 _2ddc
_cBK